Analýza determinantov pohybu cien primárnych komodít na svetových trhoch
Analýza determinantov pohybu cien primárnych komodít na medzinárodných trhoch, najmä tých, ktoré sa najviac podieľali na poslednom cenovom boome primárnych komodít.
Salvato in:
| Autore principale: | |
|---|---|
| Natura: | Capitolo di libro |
| Lingua: | slovacco |
| Soggetti: | |
| Tags: |
Nessun Tag, puoi essere il primo ad aggiungerne!!
|
MARC
| LEADER | 00000naa a2200000 4500 | ||
|---|---|---|---|
| 001 | 0125545 | ||
| 005 | 20231102114619.5 | ||
| 041 | 0 | |a slo | |
| 044 | |a SK | ||
| 245 | 1 | 0 | |a Analýza determinantov pohybu cien primárnych komodít na svetových trhoch |c Saleh Mothana Obadi |
| 520 | |a Analýza determinantov pohybu cien primárnych komodít na medzinárodných trhoch, najmä tých, ktoré sa najviac podieľali na poslednom cenovom boome primárnych komodít. | ||
| 610 | 2 | 0 | |a komodity |
| 610 | 2 | 0 | |a ceny |
| 610 | 2 | 0 | |a trh svetový |
| 610 | 2 | 0 | |a ropa |
| 610 | 2 | 0 | |a plyn zemný |
| 610 | 2 | 0 | |a vývoz |
| 610 | 2 | 0 | |a kríza finančná |
| 100 | 1 | |a Obadi, Saleh Mothana | |